000 00325 a2200097 4500
100 1 _aRimler, Judit.
_eAutor
700 1 _aDanilova, Ju.A..
_eTłumacz
245 0 _aEkonometriceskie metody analiza razvitija /
_cRimler Judit, Danilova Ju.A..
710 2 _aStatistika.
_eWydawca
_4pbl
260 _aMoskva :
_bStatistika,
_c1979.
300 _a239 s.;
_c24 cm.
999 _c11147
_d11147